| 000 | 01522cam a2200301 i 4500 | ||
|---|---|---|---|
| 999 |
_c126808 _d126808 |
||
| 001 | 18338090 | ||
| 003 | ARRUPE | ||
| 005 | 20170829103631.0 | ||
| 008 | 141017s2015 miu b 001 0 eng | ||
| 010 | _a 2014041218 | ||
| 020 | _a9780802871282 (cloth : alk. paper) | ||
| 040 |
_aDLC _beng _cDLC _erda _dDLC |
||
| 042 | _apcc | ||
| 050 | 0 | 0 |
_aHQ767 _b.C253 2015 |
| 082 | 0 | 0 |
_a305.42 _223 |
| 100 | 1 |
_aCamosy, Charles Christopher. _935324 |
|
| 245 | 1 | 0 |
_aBeyond the abortion wars : _ba way forward for a new generation / _cCharles C. Camosy. |
| 260 |
_aMichigan _bWilliam B. Eerdmans Publishing Company _c2015 |
||
| 300 |
_axiv, 207 p. ; _c24 cm |
||
| 504 | _aIncludes bibliographical references and index. | ||
| 505 | 0 | _aForeword / by Melinda Hennberger -- Preface and acknowledgments -- Introduction: is there anything left to say? -- Shifting abortion politics -- Who or what is the fetus? -- Aiming at death or ceasing to aid? -- The challenge of public policy -- Abortion and women -- A way forward -- Conclusion: beyond polarization -- Bibliography -- Index. | |
| 650 | 0 |
_aAbortion _xPolitical aspects. _935325 |
|
| 650 | 0 |
_aWomen's rights. _99274 |
|
| 906 |
_a7 _bcbc _corignew _d1 _eecip _f20 _gy-gencatlg |
||
| 942 |
_2lcc _cMONOGRAPH |
||